| 000 | 01026cam a2200301 a 4500 | ||
|---|---|---|---|
| 001 | 15861959 | ||
| 005 | 20150216134109.0 | ||
| 008 | 090810t2011 xxua frb 001 0 eng d | ||
| 020 | _a9780137007509 (alk. paper) | ||
| 020 | _a0137007507 | ||
| 040 |
_aDLC _cDLC _dDLC _dEG-ScBUE |
||
| 082 | 0 | 0 |
_a378.170281 _222 _bCAR |
| 100 | 1 |
_aCarter, Carol _937422 |
|
| 245 | 1 | 0 |
_aKeys to effective learning : _bstudy skills and habits for success / _cCarol Carter, Joyce Bishop, Sarah Lyman Kravits. |
| 250 | _a6th ed. | ||
| 260 |
_aBoston, United States : _bPearson Allyn & Bacon, _cc.2011. |
||
| 300 |
_axxii, 378 p. : _bill. (col.) ; _c28 cm. |
||
| 500 | _aIncludes appendixes. | ||
| 500 | _aIndex : p. 373-378. | ||
| 504 | _aBibliography : p. 369-372. | ||
| 650 | 0 |
_aStudy skills _914009 |
|
| 650 | 0 |
_aAdult learning _937423 |
|
| 653 |
_cFebruary2015 _bBUSADM |
||
| 655 |
_vreading book _934232 |
||
| 700 | 1 |
_aBishop, Joyce _q(Joyce L.), _d1950- _937424 |
|
| 700 | 1 |
_aKravits, Sarah Lyman _937425 |
|
| 942 |
_2ddc _k378.170281 CAR |
||
| 999 |
_c18984 _d18956 |
||